Managing performance through training and development / (Record no. 624)
[ view plain ]
| 000 -LEADER | |
|---|---|
| fixed length control field | 01555cam a2200457 a 4500 |
| 003 - CONTROL NUMBER IDENTIFIER | |
| control field | CaAEU |
| 005 - DATE AND TIME OF LATEST TRANSACTION | |
| control field | 20210616071139.0 |
| 008 - FIXED-LENGTH DATA ELEMENTS--GENERAL INFORMATION | |
| fixed length control field | 090429s2010 onc b 001 0 eng |
| 020 ## - INTERNATIONAL STANDARD BOOK NUMBER | |
| International Standard Book Number | 9780176501761 |
| 020 ## - INTERNATIONAL STANDARD BOOK NUMBER | |
| International Standard Book Number | 0176501762 |
| 020 ## - INTERNATIONAL STANDARD BOOK NUMBER | |
| International Standard Book Number | 9780176616229 (pbk.) |
| 020 ## - INTERNATIONAL STANDARD BOOK NUMBER | |
| International Standard Book Number | 0176616225 (pbk.) |
| 040 ## - CATALOGING SOURCE | |
| Transcribing agency | NLC |
| 049 ## - LOCAL HOLDINGS (OCLC) | |
| Holding library | UABA |
| 050 #4 - LIBRARY OF CONGRESS CALL NUMBER | |
| Classification number | HF5549.5.T7 |
| Item number | .S23 2010 |
| 055 #0 - CLASSIFICATION NUMBERS ASSIGNED IN CANADA | |
| Classification number | HF5549 .5 T7 |
| Item number | S23 2009 |
| 090 ## - LOCALLY ASSIGNED LC-TYPE CALL NUMBER (OCLC); LOCAL CALL NUMBER (RLIN) | |
| Classification number (OCLC) (R) ; Classification number, CALL (RLIN) (NR) | HF 5549.5 T7 S23 2010 |
| Local cutter number (OCLC) ; Book number/undivided call number, CALL (RLIN) | ARDC |
| 090 ## - LOCALLY ASSIGNED LC-TYPE CALL NUMBER (OCLC); LOCAL CALL NUMBER (RLIN) | |
| Classification number (OCLC) (R) ; Classification number, CALL (RLIN) (NR) | HF 5549.5 T7 B45 2010 |
| Local cutter number (OCLC) ; Book number/undivided call number, CALL (RLIN) | AEU |
| 090 ## - LOCALLY ASSIGNED LC-TYPE CALL NUMBER (OCLC); LOCAL CALL NUMBER (RLIN) | |
| Classification number (OCLC) (R) ; Classification number, CALL (RLIN) (NR) | HF5549.5 .T7 B454 2010 |
| Local cutter number (OCLC) ; Book number/undivided call number, CALL (RLIN) | AEGMCT |
| 100 1# - MAIN ENTRY--PERSONAL NAME | |
| Personal name | Saks, Alan M. |
| Dates associated with a name | 1960- |
| 245 10 - TITLE STATEMENT | |
| Title | Managing performance through training and development / |
| Statement of responsibility, etc. | Alan M. Saks, Robert R. Haccoun. |
| 250 ## - EDITION STATEMENT | |
| Edition statement | 5th ed. |
| 260 ## - PUBLICATION, DISTRIBUTION, ETC. | |
| Place of publication, distribution, etc. | Toronto : |
| Name of publisher, distributor, etc. | Nelson Education, |
| Date of publication, distribution, etc. | 2010. |
| 300 ## - PHYSICAL DESCRIPTION | |
| Extent | xxv, 482 p. ; |
| Dimensions | 25 cm. |
| 336 ## - CONTENT TYPE | |
| Content type term | text |
| Content type code | txt |
| Source | rdacontent |
| 337 ## - MEDIA TYPE | |
| Media type term | unmediated |
| Media type code | n |
| Source | rdamedia |
| 338 ## - CARRIER TYPE | |
| Carrier type term | volume |
| Carrier type code | nc |
| Source | rdacarrier |
| 500 ## - GENERAL NOTE | |
| General note | Earlier ed. by Monica Belcourt. |
| 504 ## - BIBLIOGRAPHY, ETC. NOTE | |
| Bibliography, etc. note | Includes bibliographical references and index. |
| 650 #0 - SUBJECT ADDED ENTRY--TOPICAL TERM | |
| Topical term or geographic name entry element | Employees |
| General subdivision | Training of |
| Form subdivision | Textbooks. |
| 700 1# - ADDED ENTRY--PERSONAL NAME | |
| Personal name | Haccoun, Robert R. |
| 700 1# - ADDED ENTRY--PERSONAL NAME | |
| Personal name | Belcourt, Monica, |
| Dates associated with a name | 1946- |
| Title of a work | Managing performance through training & development. |
| 942 ## - ADDED ENTRY ELEMENTS (KOHA) | |
| Source of classification or shelving scheme | |
| Koha item type | Book |
| Suppress in OPAC | DO |
| 949 ## - LOCAL PROCESSING INFORMATION (OCLC) | |
| a | HF 5549.5 T7 B45 2010 |
| c | 1 |
| h | UAHS-B |
| i | 0162027966975 |
| Withdrawn status | Lost status | Source of classification or shelving scheme | Damaged status | Not for loan | Permanent Location | Current Location | Shelving location | Date acquired | Total Checkouts | Full call number | Barcode | Date last seen | Price effective from | Koha item type | Public note |
|---|---|---|---|---|---|---|---|---|---|---|---|---|---|---|---|
| AU LIBRARY | AU LIBRARY | Open Shelf | 16.06.2021 | HF5549.5.T7 .S23 2010 | 28003001 | 16.06.2021 | 16.06.2021 | Book | DO |